| 000 | 01216nam a22003497a 4500 | ||
|---|---|---|---|
| 003 | CHAP | ||
| 005 | 20220329141122.0 | ||
| 008 | 971010s1981 r 00010 d | ||
| 010 | _a62872 | ||
| 011 | _a63844 | ||
| 035 | _a68377 | ||
| 040 | _cCHAP | ||
| 082 |
_a636.0842 _bM67 |
||
| 100 | 0 | 0 |
_aMorley, Frederick H. W. _eed. _978836 |
| 245 | _aGrazing animals | ||
| 260 |
_aAmsterdam : _bElsevier, _c1981 |
||
| 300 |
_a411 p. _b: ilus., gráfs. |
||
| 490 |
_aWorld animal science _v; B1 |
||
| 590 |
_aBATCH-UPD _b10 _c20130110 _lUCH01 _h0931 |
||
| 590 |
_aCONVERSION _b10 _c20130109 _lUCH01 _h1334 |
||
| 650 | 1 | 4 |
_aPastizales. _985916 |
| 650 | 1 | 4 |
_aPastoreo. _985984 |
| 830 | 0 |
_aWorld animal science _v; B1 _9122687 |
|
| 901 | _aBK | ||
| 942 | _cLIBRO | ||
| 949 |
_a636.0842 M67 _bBC _cLIBRO _d-148270 _eLIBRO _fc.4 _h57225 _i68377 _si |
||
| 949 |
_a636.0842 M67 _bBC _cLIBRO _d33724000255279 _eLIBRO _fc.3 _h56296 _i68377 _si |
||
| 949 |
_a636.0842 M67 _bBC _cLIBRO _d33724000255287 _eLIBRO _fc.2 _h56295 _i68377 _si |
||
| 949 |
_a636.0842 M67 _bBC _cLIBRO _d33724000255295 _eLIBRO _h53502 _i68377 _si |
||
| 949 |
_a636.0842 M67 _bZ _cLIBRO _d-492 _eLIBRO _h725 _i68377 _si |
||
| 949 |
_a636.0842 M67 _bZA _cLIBRO _d-9459 _eLIBRO _h5731 _i68377 _si |
||
| 999 |
_c62872 _d62872 |
||